Logo

Description automatically generated
विद्यार्जन
 संसाधन केंद्र, भारतीय प्रौद्योगिकी संस्थान इन्दौर
Learning Resource Center, Indian Institute of Technology Indore

ऑनलाइन सार्वजनिक अभिगम प्रसूची
Online Public Access Catalogue (OPAC)

Group theory for the standard model of particle physics and beyond (Record no. 6417)

MARC details
000 -LEADER
fixed length control field 00387nam a2200133Ia 4500
005 - DATE AND TIME OF LATEST TRANSACTION
control field 20260622105753.0
008 - FIXED-LENGTH DATA ELEMENTS--GENERAL INFORMATION
fixed length control field 170106s2009||||xx |||||||||||||| ||und||
020 ## - INTERNATIONAL STANDARD BOOK NUMBER
International Standard Book Number 9781420078749
Qualifying information hb
082 ## - DEWEY DECIMAL CLASSIFICATION NUMBER
Classification number 539.725
Item number BAR
100 ## - MAIN ENTRY--PERSONAL NAME
Personal name Barnes, Ken J.
245 #0 - TITLE STATEMENT
Title Group theory for the standard model of particle physics and beyond
260 ## - PUBLICATION, DISTRIBUTION, ETC.
Name of publisher, distributor, etc. Taylor & Francis
Date of publication, distribution, etc. 2009
Place of publication, distribution, etc. Boca Raton
942 ## - ADDED ENTRY ELEMENTS (KOHA)
Koha item type Book
Source of classification or shelving scheme Dewey Decimal Classification
Holdings
Withdrawn status Lost status Source of classification or shelving scheme Damaged status Not for loan Collection code Home library Current library Shelving location Date acquired Source of acquisition Full call number Barcode Date last seen Price effective from Koha item type Total Checkouts Total Renewals Date last checked out
    Dewey Decimal Classification   Not For Loan Text/Reserve Book LRC, IIT Indore LRC, IIT Indore 2nd Floor - Textbook Reserve 06/01/2017 PO No. 5 ; Vendor: Sarat Book House, Calcutta ; Bill No. SL/INV/1668/10-11, dt.02.02.2011; Price: UKP 38.99 539.725 BAR 5953 06/01/2017 06/01/2017 Text/Reserve Book      
            LRC, IIT Indore LRC, IIT Indore 3rd Floor - General Stack 06/01/2017 PO No. 5 ; Vendor: Sarat Book House, Calcutta ; Bill No. SL/INV/0026/11-12, dt.18.04.2011; Price: UKP 38.99 539.725 BAR 6417 03/04/2025 06/01/2017 Book 3 2 03/02/2025
Copyright © 2017-2026 Indian Institute of Technology Indore. All Rights Reserved.
Managed & maintained by Learning Resource Center, IIT Indore